000 01244nam a2200325Ia 4500
001 79592
003 IT-RoPAU
008 130308s9999 xx 000 0 und d
040 _aIT-RoPAU
040 _cIT-RoPAU
041 _aFRANCESE
100 _aBenetiere Jean
100 _gCodice Aut. SPICS: 28768
245 _aAu coeur des radios libres
245 _bAu Coeur des radios Libres
250 _a1a ed.
260 _aPARIS
260 _bL'Harmattan
260 _c1989 [1° Ed.:1989 - Ed.Ling.Originale:1989]
300 _a"256 p. (prefazione: no ; testo: 256 [pagine: 0-0])"
500 _aRadio libere Fine del monopolio Radio Pirate contro monopolio partiti politici di Fronte al fenomeno commissione Consultiva e finanziaria federazione Europea delle Radio libere Ferl Dialogo con gli Ascoltatori Radio Galere Radio Beton Radio che si Rivolgono a un Pubblico Particolare sondaggi commercio e Musica Salario della PubblicitĂ  istanze di regolamentazione dell'audiovisivo varie Radio libere Francesi
650 _aSTORIA NAZIONALE DELLA RADIO
650 _eCodice materia Spics: 6909
700 _aSoncin Jacques
700 _gCodice Aut. SPICS: 28769
942 _cBK
957 _71
999 _c72897
_d72897
999 _bSI
999 _g1